[Event "Madrid ch - Previa A"]
[Site "Madrid ESP"]
[Date "2008.11.12"]
[Round "6.1"]
[White "Sanz Esteban, Eduardo"]
[Black "Andalon Gomez, Carlos J"]
[Result "1/2-1/2"]
[WhiteElo "1891"]
[BlackElo "2012"]
[PlyCount "95"]
[EventDate "2008.11.03"]
[EventRounds "9"]
[EventCountry "ESP"]
[Source "lmi"]
[SourceDate "2008.11.03"]

1. d4 d5 2. e3 Nf6 3. Bd3 Bg4 4. Nf3 e6 5. Nbd2 Bd6 6. O-O O-O 7. e4 dxe4 8.
Nxe4 Nxe4 9. Bxe4 c6 10. c3 Nd7 11. Bc2 Rc8 12. Bg5 Qa5 13. Be3 Qh5 14. h3 Bxf3
15. Qxf3 Qxf3 16. gxf3 Nf6 17. Rfe1 c5 18. Rad1 c4 19. f4 g6 20. Kg2 b5 21. Kf3
a5 22. f5 exf5 23. Bh6 Rfe8 24. Bxf5 Rb8 25. Bg5 gxf5 26. Bxf6 Re6 27. Be5 b4
28. Bxd6 Rxd6 29. Re5 a4 30. Rc5 a3 31. Rxc4 axb2 32. Rxb4 Rxb4 33. cxb4 Rxd4
34. Rb1 Rxb4 35. a4 Rxa4 36. Rxb2 Ra3+ 37. Kg2 Kg7 38. Rb6 f6 39. Rb4 Kg6 40.
f3 Kg5 41. Kg3 Ra2 42. h4+ Kg6 43. Rc4 h5 44. Rb4 Ra1 45. Kg2 Re1 46. Ra4 Re2+
47. Kg3 Rb2 48. Rc4 1/2-1/2

[Event "Madrid ch - Previa A"]
[Site "Madrid ESP"]
[Date "2008.11.12"]
[Round "6.2"]
[White "Montero Garcia, Francisco Javier"]
[Black "Garcia Gutierrez, Jose"]
[Result "1/2-1/2"]
[WhiteElo "1887"]
[BlackElo "2059"]
[PlyCount "57"]
[EventDate "2008.11.03"]
[EventRounds "9"]
[EventCountry "ESP"]
[Source "lmi"]
[SourceDate "2008.11.03"]

1. d4 d5 2. Nf3 Nf6 3. c4 c6 4. g3 g6 5. Bg2 Bg7 6. O-O O-O 7. Qb3 b6 8. Nc3
Bb7 9. Rd1 e6 10. Ne5 Nfd7 11. f4 Nxe5 12. dxe5 Qe7 13. Be3 Nd7 14. cxd5 exd5
15. Bf2 f6 16. Nxd5 cxd5 17. Bxd5+ Bxd5 18. Qxd5+ Kh8 19. Qxd7 Qxd7 20. Rxd7
fxe5 21. Rc1 Rfd8 22. Rcc7 Rxd7 23. Rxd7 exf4 24. gxf4 Bxb2 25. Kg2 Kg8 26. e4
Rf8 27. Kf3 Rf7 28. Rd8+ Kg7 29. Bd4+ 1/2-1/2

[Event "Madrid ch - Previa A"]
[Site "Madrid ESP"]
[Date "2008.11.12"]
[Round "6.3"]
[White "Tejedor Ariza, Francisco"]
[Black "Cano Mercado, Francisco Manuel"]
[Result "1-0"]
[WhiteElo "2031"]
[BlackElo "1891"]
[PlyCount "109"]
[EventDate "2008.11.03"]
[EventRounds "9"]
[EventCountry "ESP"]
[Source "lmi"]
[SourceDate "2008.11.03"]

1. e4 c6 2. d4 d5 3. exd5 cxd5 4. c4 Nf6 5. Nc3 e6 6. Nf3 Be7 7. c5 O-O 8. Bd3
Nc6 9. a3 a6 10. O-O Bd7 11. Re1 Nb8 12. Ne5 Bc6 13. Bf4 Nbd7 14. Re3 Nxc5 15.
Nxc6 bxc6 16. dxc5 d4 17. Rh3 dxc3 18. Bxh7+ Kh8 19. Bc2+ Kg8 20. Rxc3 Qxd1+
21. Rxd1 Nd5 22. Rc4 Nxf4 23. Rxf4 Bxc5 24. Rc4 Be7 25. Rxc6 Bf6 26. b4 Rfb8
27. Bd3 Bb2 28. Bxa6 Bxa3 29. b5 Bb2 30. f3 g6 31. Kf1 Kg7 32. Rd7 Be5 33. g3
Kg8 34. f4 Bb2 35. Rcc7 Rf8 36. Ke2 Bf6 37. Kd3 Bd8 38. Rc6 Ba5 39. Kc4 Be1 40.
Kc5 Bf2+ 41. Kd6 Bg1 42. Rc2 Be3 43. Ke5 Rab8 44. Kf6 Bb6 45. g4 Bd8+ 46. Ke5
Bb6 47. Rc6 Bg1 48. h3 Bf2 49. Rdc7 Rbd8 50. b6 Rd5+ 51. Ke4 Rfd8 52. b7 Rd4+
53. Kf3 Bh4 54. Rc8 Ra4 55. Rxd8+ 1-0

[Event "Madrid ch - Previa A"]
[Site "Madrid ESP"]
[Date "2008.11.12"]
[Round "6.4"]
[White "Fernandez Aransay, Fernando"]
[Black "Cortes Jurado, Rafael"]
[Result "0-1"]
[WhiteElo "1958"]
[BlackElo "2054"]
[PlyCount "118"]
[EventDate "2008.11.03"]
[EventRounds "9"]
[EventCountry "ESP"]
[Source "lmi"]
[SourceDate "2008.11.03"]

1. e4 c5 2. Nf3 e6 3. d4 cxd4 4. Nxd4 Nc6 5. Be3 Nf6 6. f3 Qc7 7. c4 a6 8. Nc3
d6 9. Be2 Be7 10. O-O O-O 11. Kh1 Ne5 12. Rc1 b6 13. f4 Ng6 14. f5 Ne5 15. Nf3
Nxf3 16. Bxf3 Bb7 17. Qe1 Nd7 18. Qg3 Ne5 19. Be2 Bf6 20. b4 Rac8 21. c5 bxc5
22. bxc5 dxc5 23. Bf4 c4 24. Bxc4 Qa5 25. Bb3 exf5 26. Nd5 Bxd5 27. Bxe5 Rxc1
28. Rxc1 Bxe5 29. Qxe5 Qa3 30. Qc3 Bxb3 31. exf5 Qxa2 32. Ra1 Qc2 33. Qg3 Bc4
34. Qf4 Qb2 35. Re1 Bd5 36. Qg3 Qf6 37. Qd3 Bb7 38. h3 h6 39. Rb1 Qc6 40. Qg3
Qe4 41. Rb6 Re8 42. Kh2 Bc8 43. Rd6 Qxf5 44. Rxh6 Qe5 45. Rd6 Qxg3+ 46. Kxg3 g6
47. Kf4 Kg7 48. Rc6 Bb7 49. Rb6 Re7 50. g4 a5 51. h4 Re4+ 52. Kg3 Rb4 53. Rd6
a4 54. h5 a3 55. hxg6 fxg6 56. Rd3 a2 57. Ra3 Bd5 58. Ra5 Bf7 59. g5 Rb1 0-1

[Event "Madrid ch - Previa A"]
[Site "Madrid ESP"]
[Date "2008.11.12"]
[Round "6.6"]
[White "Martin Martin, Luis Vicente"]
[Black "Baeza Escudero, Javier"]
[Result "1-0"]
[WhiteElo "2085"]
[BlackElo "1901"]
[PlyCount "76"]
[EventDate "2008.11.03"]
[EventRounds "9"]
[EventCountry "ESP"]
[Source "lmi"]
[SourceDate "2008.11.03"]

1. d4 d5 2. Bf4 c6 3. e3 Qb6 4. Qc1 Bf5 5. Nf3 Nf6 6. Be2 e6 7. Ne5 h6 8. Nd2
c5 9. c3 Nc6 10. O-O Be7 11. Nb3 cxd4 12. Nxd4 Nxd4 13. exd4 Nd7 14. Nxd7 Kxd7
15. Bd1 Qc6 16. Re1 Bf6 17. Be5 Bxe5 18. Rxe5 b5 19. Bb3 Bg6 20. Qe3 Rhe8 21.
Qh3 Kc7 22. Rae1 Kb6 23. Qe3 Red8 24. Qg3 a5 25. a3 Qc7 26. Rxe6+ fxe6 27.
Rxe6+ Kb7 28. Qxg6 Rd7 29. g3 Rad8 30. Qd3 Rd6 31. Qxb5+ Kc8 32. Rxd6 Rxd6 33.
Bxd5 Qd7 34. Qc5+ Kb8 35. c4 Qc7 36. Qb5+ Ka7 37. b4 Qb6 38. Qe8 axb4 1-0

[Event "Madrid ch - Previa A"]
[Site "Madrid ESP"]
[Date "2008.11.12"]
[Round "6.7"]
[White "Perez Cameselle, Francisco Jose"]
[Black "Lopez Peral, Enrique"]
[Result "1/2-1/2"]
[WhiteElo "2010"]
[BlackElo "1895"]
[PlyCount "98"]
[EventDate "2008.11.03"]
[EventRounds "9"]
[EventCountry "ESP"]
[Source "lmi"]
[SourceDate "2008.11.03"]

1. g3 Nf6 2. Nf3 e6 3. Bg2 Be7 4. O-O O-O 5. d3 d5 6. Nbd2 c5 7. e4 Nc6 8. Qe2
dxe4 9. dxe4 Nd4 10. Nxd4 Qxd4 11. Nb3 Qa4 12. e5 Nd5 13. c4 Nb6 14. Nd2 Rb8
15. b3 Qa5 16. Ne4 Nd7 17. Bb2 b6 18. Rfd1 Rd8 19. Nd6 Nf8 20. h4 Bxd6 21. exd6
f6 22. f4 Rd7 23. h5 Rf7 24. h6 g6 25. Bc6 Qa6 26. d7 Bxd7 27. Bxd7 Nxd7 28.
Qxe6 Qb7 29. Rd5 Nf8 30. Qe2 Qc8 31. Kh2 Qe6 32. Qxe6 Nxe6 33. Rad1 Rbb7 34.
Kg2 f5 35. Rd6 Nf8 36. Rd8 Rfd7 37. R1xd7 Rxd7 38. Rxd7 Nxd7 39. Kf3 Kf7 40. g4
Ke6 41. a4 a5 42. Bc3 Nf6 43. gxf5+ gxf5 44. Be5 Nd7 45. Bc7 Kf6 46. Bd8+ Kg6
47. Bg5 Nf8 48. Bd8 Nd7 49. Bg5 Nf8 1/2-1/2

[Event "Madrid ch - Previa A"]
[Site "Madrid ESP"]
[Date "2008.11.12"]
[Round "6.8"]
[White "Diaz Begonte, Manuel"]
[Black "Lopez Heras, Arturo"]
[Result "1-0"]
[WhiteElo "1875"]
[BlackElo "1988"]
[PlyCount "101"]
[EventDate "2008.11.03"]
[EventRounds "9"]
[EventCountry "ESP"]
[Source "lmi"]
[SourceDate "2008.11.03"]

1. e4 e5 2. d4 exd4 3. f4 d6 4. Nf3 Bg4 5. Bd3 Nd7 6. O-O Nc5 7. Bc4 Qd7 8.
Qxd4 Be6 9. Nc3 Ne7 10. Bxe6 Nxe6 11. Qf2 Nc6 12. f5 Nc5 13. a3 a5 14. Be3 f6
15. Rfd1 Qf7 16. Nd4 Ne5 17. Qe2 c6 18. b4 Qc4 19. bxc5 Qxc3 20. Ne6 Rc8 21.
Nxf8 Rxf8 22. cxd6 Rd8 23. Bd4 Qc4 24. Qh5+ Nf7 25. e5 fxe5 26. Bxe5 g6 27.
fxg6 Qc5+ 28. Kh1 hxg6 29. Qxg6 Rd7 30. Bg7 Rxd6 31. Rxd6 Qxd6 32. Qxd6 Nxd6
33. Bxf8 Kxf8 34. Kg1 Nc4 35. Kf2 Ke7 36. h4 Kf6 37. g4 b6 38. Kg3 Ne3 39. c3
Nd5 40. Rc1 Ne3 41. Kf3 Nc4 42. Ra1 Ke5 43. h5 Nd2+ 44. Ke2 Ne4 45. h6 Kf6 46.
Ke3 Nxc3 47. g5+ Kg6 48. Rh1 Nd5+ 49. Kd4 Kh7 50. g6+ Kh8 51. h7 1-0

[Event "Madrid ch - Previa A"]
[Site "Madrid ESP"]
[Date "2008.11.12"]
[Round "6.9"]
[White "Martin Mazuelo, Miguel Angel"]
[Black "Rodriguez Bachiller, Luis"]
[Result "1-0"]
[WhiteElo "1984"]
[BlackElo "1892"]
[PlyCount "77"]
[EventDate "2008.11.03"]
[EventRounds "9"]
[EventCountry "ESP"]
[Source "lmi"]
[SourceDate "2008.11.03"]

1. e4 e6 2. Nf3 d5 3. exd5 exd5 4. d4 Bg4 5. Be2 Nf6 6. c4 Bb4+ 7. Nc3 dxc4 8.
Bxc4 O-O 9. O-O Nc6 10. Qd3 Bxf3 11. Qxf3 Qxd4 12. Bb3 Qg4 13. Qd3 Qd4 14. Qc2
a6 15. Be3 Qd6 16. Rad1 Qe5 17. Nd5 Ng4 18. Bf4 Qh5 19. Nxb4 Nxb4 20. Qxc7 Qb5
21. Bd6 Rac8 22. Qe7 Nc6 23. Qh4 Nf6 24. Bxf8 Rxf8 25. Rfe1 Na5 26. Re3 Qc6 27.
Rc3 Qb6 28. Rdc1 Qd6 29. Qg3 Qd2 30. R3c2 Qb4 31. Qc3 Qb6 32. Qc7 Qxc7 33. Rxc7
Nxb3 34. axb3 b6 35. R7c6 Nd7 36. Rd6 Nc5 37. Rxb6 Nd3 38. Rd1 Nxb2 39. Rd2 1-0

[Event "Madrid ch - Previa A"]
[Site "Madrid ESP"]
[Date "2008.11.12"]
[Round "6.10"]
[White "Garcia Lopez, Pedro"]
[Black "Pardo Robles, Jose M"]
[Result "0-1"]
[WhiteElo "1839"]
[BlackElo "1941"]
[PlyCount "92"]
[EventDate "2008.11.03"]
[EventRounds "9"]
[EventCountry "ESP"]
[Source "lmi"]
[SourceDate "2008.11.03"]

1. e4 c5 2. Nf3 d6 3. d4 cxd4 4. Nxd4 Nf6 5. Nc3 g6 6. Bg5 Bg7 7. h3 Nc6 8. Bb5
Bd7 9. Nxc6 Bxc6 10. Bd3 O-O 11. O-O Rc8 12. Re1 Qa5 13. Bd2 Qb6 14. Rb1 e6 15.
Qe2 Nd7 16. Kh1 Ne5 17. f4 Nxd3 18. cxd3 Rfe8 19. e5 dxe5 20. fxe5 Red8 21. Bg5
Rd7 22. Qd2 Qd4 23. Rbd1 Bxe5 24. Qe2 Bf4 25. Bh4 Bb8 26. Ne4 Bxe4 27. dxe4 Qe5
28. g3 Rxd1 29. Qxd1 g5 30. Qg4 h6 31. Rf1 Kg7 32. Rf2 Kg6 33. Qf3 Rc1+ 34. Kg2
f5 35. exf5+ exf5 36. Qxb7 Qe4+ 37. Qxe4 fxe4 38. Bxg5 hxg5 39. Re2 Kf5 40. a3
Bc7 41. Rd2 Ke5 42. h4 gxh4 43. gxh4 e3 44. Re2 Ke4 45. b4 Kd3 46. Ra2 e2 0-1

[Event "Madrid ch - Previa A"]
[Site "Madrid ESP"]
[Date "2008.11.12"]
[Round "6.11"]
[White "Garcia Gonzalez, Pedro"]
[Black "Pardiñas Riaño, Emilio"]
[Result "1-0"]
[WhiteElo "1919"]
[BlackElo "1852"]
[PlyCount "129"]
[EventDate "2008.11.03"]
[EventRounds "9"]
[EventCountry "ESP"]
[Source "lmi"]
[SourceDate "2008.11.03"]

1. d4 d5 2. Nf3 Nf6 3. e3 e6 4. Bd3 Be7 5. b3 O-O 6. Bb2 Nbd7 7. O-O c6 8. Nbd2
Bd6 9. Ne5 c5 10. f4 cxd4 11. exd4 b6 12. Qe2 Bb7 13. Rf3 h6 14. Rh3 Ne4 15.
Nxe4 dxe4 16. Bxe4 Bxe4 17. Qxe4 Nf6 18. Qf3 Rc8 19. c4 Rc7 20. g4 Qa8 21. Qg3
Ne4 22. Qe3 f5 23. gxf5 exf5 24. Rd1 Rf6 25. d5 Qf8 26. Kf1 g5 27. fxg5 Nxg5
28. Qg1 Kh7 29. Rg3 f4 30. Rgd3 f3 31. Qg4 Rf5 32. Re1 Re7 33. Rde3 Rf4 34. Qh5
Qe8 35. Qxe8 Rxe8 36. Nc6 Rxe3 37. Rxe3 Re4 38. Rxe4 Nxe4 39. Ne5 f2 40. Bd4 h5
41. Nf3 Kg6 42. Bxf2 Kf5 43. Bd4 Kf4 44. Ke2 Kf5 45. Ke3 Bf4+ 46. Kd3 Nd6 47.
b4 Nxc4 48. Kxc4 Ke4 49. Nh4 Bxh2 50. Bf6 Bd6 51. a4 a6 52. b5 a5 53. Bd8 Bc5
54. Bc7 Be7 55. d6 Bxh4 56. d7 Be7 57. d8=Q Bxd8 58. Bxd8 Ke5 59. Bxb6 Kd6 60.
Bxa5 Kd7 61. Bb6 h4 62. Bg1 Kc7 63. Kc5 Kb7 64. a5 h3 65. Kd6 1-0

[Event "Madrid ch - Previa A"]
[Site "Madrid ESP"]
[Date "2008.11.12"]
[Round "6.12"]
[White "Ruiz Quevedo, Andres"]
[Black "Bascuñana Gonzalez, Sergio"]
[Result "1-0"]
[WhiteElo "1903"]
[BlackElo "1702"]
[PlyCount "81"]
[EventDate "2008.11.03"]
[EventRounds "9"]
[EventCountry "ESP"]
[Source "lmi"]
[SourceDate "2008.11.03"]

1. c4 c5 2. b3 e5 3. Bb2 Nc6 4. g3 d6 5. Bg2 g6 6. Nc3 Bg7 7. e3 Nge7 8. Nge2
O-O 9. O-O f5 10. d3 Be6 11. Qd2 d5 12. cxd5 Nxd5 13. Rfe1 Qd7 14. Rad1 Rad8
15. a3 Na5 16. Nc1 b6 17. Bf1 f4 18. Ne4 Qe7 19. Qc2 f3 20. Qb1 h6 21. Qa1 Nc6
22. Na2 Qd7 23. b4 Bh3 24. Kh1 Bxf1 25. Rxf1 Qh3 26. Rg1 cxb4 27. Nxb4 Ndxb4
28. axb4 Nxb4 29. Bxe5 Bxe5 30. Qxe5 Rf5 31. Qe6+ Kh8 32. g4 Rff8 33. d4 Nd5
34. Qxg6 Nxe3 35. Rg3 Qh4 36. fxe3 f2 37. Rf1 Rc8 38. Rxf2 Rc1+ 39. Kg2 Rxf2+
40. Nxf2 Rc8 41. Rh3 1-0

[Event "Madrid ch - Previa A"]
[Site "Madrid ESP"]
[Date "2008.11.12"]
[Round "6.15"]
[White "Romero Jaime, Pedro"]
[Black "Ortega Morales, Pedro"]
[Result "0-1"]
[WhiteElo "1743"]
[BlackElo "1911"]
[PlyCount "106"]
[EventDate "2008.11.03"]
[EventRounds "9"]
[EventCountry "ESP"]
[Source "lmi"]
[SourceDate "2008.11.03"]

1. Nf3 d5 2. b4 Bg4 3. Ne5 Bh5 4. Bb2 f6 5. Nf3 e5 6. a3 Nd7 7. d3 Nb6 8. Nfd2
Na4 9. Bc1 Qd7 10. c4 dxc4 11. Nxc4 a6 12. Qc2 Ne7 13. e4 b5 14. Na5 Qd4 15.
Nb3 Qd7 16. Be3 Nc6 17. N1d2 Bd6 18. Rc1 Ne7 19. Nc5 Bxc5 20. bxc5 Nc6 21. Nb3
O-O 22. f3 Bf7 23. Be2 Kh8 24. O-O Bxb3 25. Qxb3 Nd4 26. Qd1 Rfd8 27. f4 Nxe2+
28. Qxe2 Qxd3 29. Qf3 Nc3 30. Rce1 exf4 31. Bxf4 Qxf3 32. Rxf3 Na4 33. Bxc7
Rdc8 34. Bd6 Nxc5 35. Rc3 Nd7 36. Rec1 Rxc3 37. Rxc3 Nb6 38. Kf2 Nc4 39. Bf4
Rd8 40. g4 h6 41. h4 g5 42. hxg5 hxg5 43. Bc1 Kg7 44. Ke2 Kf7 45. Rh3 Ke6 46.
Rh7 Ne5 47. Ra7 Rd6 48. Be3 Rc6 49. Bd4 Nxg4 50. Rh7 Ne5 51. Rh6 Rc4 52. Bxe5
Rxe4+ 53. Kd3 Rxe5 0-1

[Event "Madrid ch - Previa A"]
[Site "Madrid ESP"]
[Date "2008.11.12"]
[Round "6.16"]
[White "Canseco Arenas, Alfonso"]
[Black "Galan Aguado, Fernando"]
[Result "1-0"]
[WhiteElo "1822"]
[BlackElo "1811"]
[PlyCount "119"]
[EventDate "2008.11.03"]
[EventRounds "9"]
[EventCountry "ESP"]
[Source "lmi"]
[SourceDate "2008.11.03"]

1. e4 e6 2. c4 c5 3. Nc3 Nc6 4. h3 g6 5. d3 Bg7 6. Be3 d6 7. g3 Nge7 8. Bg2 O-O
9. Nge2 a6 10. a4 Rb8 11. O-O b6 12. f4 Bb7 13. Rf2 Nd4 14. Rb1 Qd7 15. Bxd4
cxd4 16. Na2 Bc6 17. b3 a5 18. Kh2 f5 19. Nac1 Qb7 20. Qc2 Rf7 21. Ng1 Rbf8 22.
Nf3 fxe4 23. Ng5 exd3 24. Qxd3 Bxg2 25. Rxg2 Rf6 26. Ne4 e5 27. Nxf6+ Bxf6 28.
Ne2 e4 29. Qd2 Nc6 30. h4 Re8 31. Rf1 d3 32. Nc3 Nd4 33. Nd5 Bg7 34. Qd1 Qc6
35. Kh1 Qc5 36. h5 e3 37. Qxd3 e2 38. Re1 Qa3 39. h6 Bh8 40. Rgxe2 Rxe2 41.
Rxe2 Nf5 42. Ne7+ Nxe7 43. Rxe7 Qa1+ 44. Kg2 Bd4 45. Qf1 Qb2+ 46. Qe2 Qxe2+ 47.
Rxe2 Kf7 48. Kf3 Kf6 49. g4 g5 50. Ke4 Bc5 51. f5 Bb4 52. Kd5 Kf7 53. Re6 Bc5
54. Kc6 Kf8 55. Kd7 Kf7 56. Re7+ Kg8 57. f6 d5 58. Rg7+ Kh8 59. cxd5 b5 60. f7
1-0

[Event "Madrid ch - Previa A"]
[Site "Madrid ESP"]
[Date "2008.11.12"]
[Round "6.18"]
[White "Beekhof Harmsen, Willen"]
[Black "Corredor Gonzalez, Angel L"]
[Result "1-0"]
[WhiteElo "1958"]
[BlackElo "1817"]
[PlyCount "120"]
[EventDate "2008.11.03"]
[EventRounds "9"]
[EventCountry "ESP"]
[Source "lmi"]
[SourceDate "2008.11.03"]

1. d4 d5 2. Nf3 Nf6 3. e3 Bf5 4. c4 e6 5. cxd5 Qxd5 6. Nc3 Bb4 7. Qa4+ Nc6 8.
Bd2 Bxc3 9. Bxc3 O-O 10. h3 Be4 11. Be2 h6 12. O-O Ne7 13. Rac1 Rfe8 14. Bb4 c6
15. Rc5 Qd8 16. Ne5 Nf5 17. Re1 Nd5 18. f3 Qg5 19. Ng4 b6 20. Rxd5 Bxd5 21. e4
h5 22. Nf2 Ne3 23. g4 hxg4 24. hxg4 Qh4 25. Nh1 b5 26. Qa3 Nc2 27. Qa5 Nxe1 28.
Bxe1 Qh3 29. exd5 exd5 30. Qd2 Re6 31. Ng3 Rae8 32. Bf2 Qh7 33. Bd3 Qh3 34. Bf1
Qh4 35. Nf5 Qf6 36. Bh4 Qg6 37. Bd3 Kh8 38. Nd6 Rxd6 39. Bxg6 Rxg6 40. Kf2 Rge6
41. Bg5 f6 42. Bf4 Kg8 43. g5 Kf7 44. gxf6 gxf6 45. Bc7 R8e7 46. Ba5 f5 47. Bb4
Re8 48. Bc3 Rh8 49. Kg3 Rg6+ 50. Kf4 Kf6 51. Ke3 Rh3 52. Qe2 Rgg3 53. Be1 Rxf3+
54. Qxf3 Rxf3+ 55. Kxf3 a6 56. b4 Ke6 57. Kf4 Kf6 58. a3 Kg6 59. Bh4 Kh5 60.
Bd8 Kg6 1-0

[Event "Madrid ch - Previa A"]
[Site "Madrid ESP"]
[Date "2008.11.12"]
[Round "6.19"]
[White "Maseda Iglesias, Luis"]
[Black "Manzano Molina, Daniel"]
[Result "1/2-1/2"]
[WhiteElo "1896"]
[BlackElo "1608"]
[PlyCount "54"]
[EventDate "2008.11.03"]
[EventRounds "9"]
[EventCountry "ESP"]
[Source "lmi"]
[SourceDate "2008.11.03"]

1. d4 Nf6 2. c4 g6 3. Nc3 Bg7 4. e4 d6 5. Nf3 O-O 6. h3 Nbd7 7. Be3 c5 8. d5 a6
9. a4 b6 10. Be2 Bb7 11. Qd2 Qc7 12. O-O e6 13. Rab1 Rab8 14. Rfd1 Ne8 15. Bg5
Ndf6 16. e5 dxe5 17. d6 Qd8 18. Nxe5 h6 19. d7 hxg5 20. dxe8=Q Rxe8 21. Qxg5
Qc7 22. Nf3 Rbd8 23. Qe3 Rxd1+ 24. Rxd1 Rd8 25. Rxd8+ Qxd8 26. Bd3 Qd6 27. Bc2
Nd7 1/2-1/2

[Event "Madrid ch - Previa A"]
[Site "Madrid ESP"]
[Date "2008.11.12"]
[Round "6.20"]
[White "Suarez Mencia, Roberto"]
[Black "Martin-Consuegra Barrilero, Francisco Javier"]
[Result "0-1"]
[WhiteElo "1658"]
[BlackElo "1893"]
[PlyCount "86"]
[EventDate "2008.11.03"]
[EventRounds "9"]
[EventCountry "ESP"]
[Source "lmi"]
[SourceDate "2008.11.03"]

1. c4 c6 2. g3 d5 3. cxd5 Qxd5 4. f3 Nf6 5. Nc3 Qa5 6. e4 e6 7. Nge2 Nbd7 8.
Bg2 Be7 9. O-O O-O 10. d4 e5 11. Kh1 exd4 12. Nxd4 Ne5 13. Nf5 Bxf5 14. exf5
Rad8 15. Qe2 Rfe8 16. Bg5 Ned7 17. g4 Nd5 18. Qd2 Bxg5 19. Qxg5 Nxc3 20. bxc3
Qxc3 21. Rac1 Qf6 22. Qxf6 Nxf6 23. g5 Nd5 24. f4 Ne3 25. Rfe1 Kf8 26. Bh3 Rd2
27. f6 g6 28. Rc3 Nd5 29. Rxe8+ Kxe8 30. Rf3 Rxa2 31. f5 Re2 32. fxg6 hxg6 33.
Bg4 Ne3 34. h3 Kd8 35. Rf4 Nd5 36. Rd4 Re5 37. h4 Kc7 38. Kg2 b5 39. Bf3 a5 40.
Re4 Kd6 41. Rxe5 Kxe5 42. h5 gxh5 43. Bxh5 Nf4+ 0-1

[Event "Madrid ch - Previa A"]
[Site "Madrid ESP"]
[Date "2008.11.12"]
[Round "6.23"]
[White "Marcelo De La Mata, Daniel"]
[Black "Poblador Dieguez, Alfredo"]
[Result "1-0"]
[WhiteElo "1507"]
[BlackElo "1654"]
[PlyCount "53"]
[EventDate "2008.11.03"]
[EventRounds "9"]
[EventCountry "ESP"]
[Source "lmi"]
[SourceDate "2008.11.03"]

1. c4 e5 2. Nc3 Nf6 3. d3 c6 4. g3 d5 5. cxd5 Nxd5 6. Bg2 Nxc3 7. bxc3 Be6 8.
Nf3 f6 9. O-O Be7 10. Be3 O-O 11. Qb1 Qc7 12. d4 Nd7 13. dxe5 fxe5 14. Ng5 Bf5
15. Qb3+ Kh8 16. Nf7+ Rxf7 17. Qxf7 Bf6 18. Qb3 Nb6 19. Rfd1 e4 20. Bd4 Bxd4
21. cxd4 Nd5 22. e3 Rb8 23. Rdc1 Qe7 24. Rxc6 Nb4 25. Rc5 Be6 26. Qxb4 b6 27.
Rc8+ 1-0

[Event "Madrid ch - Previa A"]
[Site "Madrid ESP"]
[Date "2008.11.17"]
[Round "7.1"]
[White "Sanz Esteban, Eduardo"]
[Black "Tejedor Ariza, Francisco"]
[Result "1/2-1/2"]
[WhiteElo "1891"]
[BlackElo "2031"]
[PlyCount "47"]
[EventDate "2008.11.03"]
[EventRounds "9"]
[EventCountry "ESP"]
[Source "lmi"]
[SourceDate "2008.11.03"]

1. d4 d5 2. Nf3 Nf6 3. e3 e6 4. Bd3 Bd6 5. O-O Nbd7 6. Nbd2 O-O 7. e4 dxe4 8.
Nxe4 Nxe4 9. Bxe4 e5 10. dxe5 Nxe5 11. Bf4 Nxf3+ 12. Qxf3 Bxf4 13. Qxf4 c6 14.
Rad1 Qb6 15. b3 Be6 16. Qf3 Rad8 17. Rxd8 Rxd8 18. Rd1 Rxd1+ 19. Qxd1 Qc7 20.
g3 Qd7 21. Qxd7 Bxd7 22. f4 h6 23. Kf2 Kf8 24. Ke3 1/2-1/2

[Event "Madrid ch - Previa A"]
[Site "Madrid ESP"]
[Date "2008.11.17"]
[Round "7.2"]
[White "Garcia Gutierrez, Jose"]
[Black "Cortes Jurado, Rafael"]
[Result "1/2-1/2"]
[WhiteElo "2059"]
[BlackElo "2054"]
[PlyCount "26"]
[EventDate "2008.11.03"]
[EventRounds "9"]
[EventCountry "ESP"]
[Source "lmi"]
[SourceDate "2008.11.03"]

1. e4 c5 2. Nf3 e6 3. d4 cxd4 4. Nxd4 Nc6 5. Nb5 d6 6. Bf4 e5 7. Bg5 Nf6 8.
N1c3 a6 9. Na3 b5 10. Nd5 Qa5+ 11. Bd2 Qd8 12. Bg5 Qa5+ 13. Bd2 Qd8 1/2-1/2

[Event "Madrid ch - Previa A"]
[Site "Madrid ESP"]
[Date "2008.11.17"]
[Round "7.3"]
[White "Andalon Gomez, Carlos J"]
[Black "Montero Garcia, Francisco Javier"]
[Result "1-0"]
[WhiteElo "2012"]
[BlackElo "1887"]
[PlyCount "59"]
[EventDate "2008.11.03"]
[EventRounds "9"]
[EventCountry "ESP"]
[Source "lmi"]
[SourceDate "2008.11.03"]

1. d4 Nf6 2. c4 g6 3. Nc3 Bg7 4. e4 O-O 5. f4 d6 6. Nf3 c5 7. d5 e6 8. dxe6
fxe6 9. Bd3 Nc6 10. O-O Qe7 11. Ng5 Nd4 12. e5 Ne8 13. Qg4 h5 14. Qh3 dxe5 15.
Bxg6 exf4 16. Qxh5 Nf6 17. Qh4 f3 18. Nxf3 Nf5 19. Qh3 Bd7 20. g4 Nd4 21. g5 e5
22. Qh4 Bc6 23. Nxd4 exd4 24. Nd5 Bxd5 25. cxd5 d3 26. Bd2 Nh5 27. Qxh5 Bd4+
28. Kh1 Rad8 29. Rae1 Rxf1+ 30. Rxf1 1-0

[Event "Madrid ch - Previa A"]
[Site "Madrid ESP"]
[Date "2008.11.17"]
[Round "7.5"]
[White "Gabriel y Galan Acevedo, Jesus"]
[Black "Garcia Gonzalez, Pedro"]
[Result "1-0"]
[WhiteElo "2033"]
[BlackElo "1919"]
[PlyCount "71"]
[EventDate "2008.11.03"]
[EventRounds "9"]
[EventCountry "ESP"]
[Source "lmi"]
[SourceDate "2008.11.03"]

1. d4 f5 2. c4 e6 3. Nf3 Nf6 4. Nc3 d5 5. Bf4 c6 6. e3 Be7 7. Bd3 O-O 8. O-O
Ne4 9. Ne5 Nd7 10. Nxd7 Bxd7 11. Rc1 Qe8 12. f3 Nd6 13. cxd5 exd5 14. Na4 b6
15. a3 Nf7 16. Qc2 g6 17. b4 c5 18. Nc3 c4 19. Be2 Bd6 20. Nxd5 Qe6 21. Bxc4
Rac8 22. Qd3 Rxc4 23. Qxc4 Rc8 24. Qb3 Bc6 25. Rxc6 Rxc6 26. Bxd6 Qxd6 27. e4
f4 28. e5 Qd8 29. Rd1 Kg7 30. Nxf4 Qc8 31. h3 Rc3 32. Qe6 Qxe6 33. Nxe6+ Kg8
34. f4 Nh6 35. d5 Kf7 36. Ng5+ 1-0

[Event "Madrid ch - Previa A"]
[Site "Madrid ESP"]
[Date "2008.11.17"]
[Round "7.6"]
[White "Cano Mercado, Francisco Manuel"]
[Black "Martin Mazuelo, Miguel Angel"]
[Result "1/2-1/2"]
[WhiteElo "1891"]
[BlackElo "1984"]
[PlyCount "48"]
[EventDate "2008.11.03"]
[EventRounds "9"]
[EventCountry "ESP"]
[Source "lmi"]
[SourceDate "2008.11.03"]

1. Nf3 Nf6 2. c4 e6 3. g3 d5 4. Bg2 Be7 5. O-O O-O 6. b3 c6 7. Bb2 Nbd7 8. e3
b6 9. d4 Ba6 10. Nbd2 Rc8 11. Re1 Re8 12. Rc1 Nf8 13. Ne5 N6d7 14. f4 f5 15.
Ndf3 Nxe5 16. Nxe5 Nd7 17. Nxd7 Qxd7 18. Qd2 dxc4 19. bxc4 Bb7 20. Red1 Red8
21. Qc2 Qc7 22. e4 c5 23. d5 exd5 24. exd5 Qd7 1/2-1/2

[Event "Madrid ch - Previa A"]
[Site "Madrid ESP"]
[Date "2008.11.17"]
[Round "7.7"]
[White "Pardo Robles, Jose M"]
[Black "Ruiz Quevedo, Andres"]
[Result "1/2-1/2"]
[WhiteElo "1941"]
[BlackElo "1903"]
[PlyCount "79"]
[EventDate "2008.11.03"]
[EventRounds "9"]
[EventCountry "ESP"]
[Source "lmi"]
[SourceDate "2008.11.03"]

1. e4 d6 2. d4 Nf6 3. Nc3 e5 4. dxe5 dxe5 5. Qxd8+ Kxd8 6. Bg5 c6 7. O-O-O+ Kc7
8. Bc4 Be6 9. Bxe6 fxe6 10. f4 Bb4 11. Nge2 Nbd7 12. a3 Bc5 13. fxe5 Ng4 14.
Bh4 Nf2 15. Bxf2 Bxf2 16. Rhf1 Be3+ 17. Kb1 Nxe5 18. Nd4 Bxd4 19. Rxd4 Rhf8 20.
Rxf8 Rxf8 21. Rd2 Nc4 22. Re2 e5 23. a4 Rf4 24. b3 Nd6 25. g3 Rf3 26. Kb2 a6
27. a5 Nb5 28. Nxb5+ axb5 29. b4 Kd7 30. c3 Rf1 31. Kc2 Ke7 32. Kd3 Kf6 33. Ke3
g6 34. Rf2+ Rxf2 35. Kxf2 Kg5 36. h3 h5 37. Kf3 h4 38. g4 Kf6 39. Ke3 Kg5 40.
Kf3 1/2-1/2